[Event "Melbourne Australasian IM"]
[Site "Melbourne"]
[Date "2019.12.18"]
[Round "5"]
[White "Levi, Eddy"]
[Black "Khamatgaleev, Alexej"]
[Result "1-0"]
[WhiteElo "2132"]
[BlackElo "2351"]
[PlyCount "95"]
[EventDate "2019.12.14"]
[EventType "tourn"]
[EventRounds "9"]
[EventCountry "AUS"]
[EventCategory "1"]
[SourceTitle "CBM 193 Extra"]
[Source "ChessBase"]
[SourceDate "2020.01.31"]
[SourceVersion "1"]
[SourceVersionDate "2020.01.31"]
[SourceQuality "1"]

1. e4 e5 2. Nf3 Nc6 3. Bc4 Nf6 4. d4 exd4 5. 0-0 Bc5 6. e5 d5 7. exf6 dxc4 8. fxg7 Rg8 9. Bg5 Be7 10. Bxe7 Kxe7 11. Re1+ Kf6 12. Re4 Kxg7 13. Nxd4 f5 14. Rf4 Qd6 15. Nxf5+ Bxf5 16. Qxd6 cxd6 17. Rxf5 Nd4 18. Rg5+ Kf6 19. Rxg8 Rxg8 20. Na3 d5 21. Kf1 Ne6 22. Rd1 Rd8 23. c3 Ke5 24. b3 cxb3 25. axb3 Nc5 26. b4 Ne4 27. Rd3 Rc8 28. Nb1 b6 29. Ke2 a5 30. f3 Nd6 31. f4+ Ke6 32. Rh3 Rg8 33. g3 Rg7 34. Rh6+ Kd7 35. Kd3 a4 36. f5 b5 37. Na3 Re7 38. g4 Nf7 39. Ra6 Ne5+ 40. Kd4 Nxg4 41. Nxb5 Nf2 42. Kxd5 Ng4 43. Ra7+ Kd8 44. Rxa4 Re5+ 45. Kd6 Ke8 46. Nd4 Re3 47. c4 Re4 48. Ne6 1-0

[Event "Wch Seniors 65 29th"]
[Site "Bucharest"]
[Date "2019.11.22"]
[Round "10"]
[White "Birnboim, Nathan"]
[Black "Levi, Eddy"]
[Result "1-0"]
[WhiteElo "2397"]
[BlackElo "2080"]
[PlyCount "87"]
[EventDate "2019.11.12"]
[EventType "swiss"]
[EventRounds "11"]
[EventCountry "ROU"]
[SourceTitle "CBM 193 Extra"]
[Source "ChessBase"]
[SourceDate "2020.01.31"]
[SourceVersion "1"]
[SourceVersionDate "2020.01.31"]
[SourceQuality "1"]

1. Nf3 d5 2. g3 Nc6 3. d4 Bg4 4. Bg2 Qd7 5. h3 Bh5 6. 0-0 e6 7. Bf4 Bd6 8. Bxd6 Qxd6 9. Nbd2 Nf6 10. c4 0-0 11. Rc1 Rfe8 12. Qa4 e5 13. dxe5 Nxe5 14. cxd5 Nxf3+ 15. exf3 Nxd5 16. Ne4 Qe7 17. f4 c6 18. Nc5 Bg6 19. Qb3 b6 20. Nd3 Bxd3 21. Qxd3 Rad8 22. Qb3 Qf6 23. Rfd1 Re2 24. Bxd5 cxd5 25. Rxd5 Rde8 26. Rd7 Rxb2 27. Qe3 Rf8 28. Rxa7 Qf5 29. Qa3 Rb1 30. Rxb1 Qxb1+ 31. Kg2 h6 32. Qf3 g6 33. Qd5 h5 34. h4 Qb4 35. a4 Qc5 36. Qb7 Kg7 37. Qd7 Qc4 38. Rc7 Qe4+ 39. Kh2 Kh6 40. Qd6 Qe8 41. f5 Rg8 42. Qxb6 Qxa4 43. Rxf7 Qe4 44. Qc7 1-0

[Event "Wch Seniors 65 29th"]
[Site "Bucharest"]
[Date "2019.11.20"]
[Round "8"]
[White "Jurek, Josef"]
[Black "Levi, Eddy"]
[Result "1/2-1/2"]
[WhiteElo "2250"]
[BlackElo "2080"]
[PlyCount "86"]
[EventDate "2019.11.12"]
[EventType "swiss"]
[EventRounds "11"]
[EventCountry "ROU"]
[SourceTitle "CBM 193 Extra"]
[Source "ChessBase"]
[SourceDate "2020.01.31"]
[SourceVersion "1"]
[SourceVersionDate "2020.01.31"]
[SourceQuality "1"]

1. Nf3 f5 2. g3 Nf6 3. Bg2 d6 4. d4 e6 5. 0-0 Be7 6. c4 0-0 7. Nc3 Qe8 8. b3 Ne4 9. Bb2 Nxc3 10. Bxc3 Bf6 11. Rc1 Kh8 12. Re1 Qg6 13. Qc2 Nc6 14. d5 Bxc3 15. Qxc3 Nd8 16. dxe6 Nxe6 17. e3 Nc5 18. b4 Ne4 19. Qb2 a5 20. a3 axb4 21. axb4 Qf7 22. Nd2 Be6 23. Bxe4 fxe4 24. Nxe4 Bxc4 25. Ng5 Qg8 26. Qd4 b5 27. Ra1 Qd5 28. Rxa8 Rxa8 29. Qxd5 Bxd5 30. e4 Bc4 31. e5 dxe5 32. Rxe5 c6 33. Re7 Bd5 34. f4 h6 35. Ne6 Ra4 36. f5 Bxe6 37. Rxe6 Rxb4 38. Rxc6 Rb2 39. g4 Kg8 40. Rc7 Kf8 41. Rb7 b4 42. h4 b3 43. g5 hxg5 1/2-1/2

[Event "Wch Seniors 65 29th"]
[Site "Bucharest"]
[Date "2019.11.14"]
[Round "3"]
[White "Povah, Nigel Edward"]
[Black "Levi, Eddy"]
[Result "1-0"]
[WhiteElo "2314"]
[BlackElo "2080"]
[PlyCount "81"]
[EventDate "2019.11.12"]
[EventType "swiss"]
[EventRounds "11"]
[EventCountry "ROU"]
[SourceTitle "CBM 193 Extra"]
[Source "ChessBase"]
[SourceDate "2020.01.31"]
[SourceVersion "1"]
[SourceVersionDate "2020.01.31"]
[SourceQuality "1"]

1. d4 c5 2. d5 Nf6 3. Bg5 d6 4. Nc3 Nbd7 5. e4 g6 6. f3 Bg7 7. Qd2 a6 8. a4 h6 9. Be3 Qa5 10. Ra3 Qb6 11. Rb3 Qd8 12. Nh3 Ne5 13. Nf2 g5 14. Be2 Ng6 15. g3 b6 16. f4 Nh7 17. h4 gxf4 18. gxf4 e5 19. f5 Nxh4 20. Bxh6 Bf6 21. Kf1 Bd7 22. Ng4 Be7 23. Qe3 b5 24. Nd1 bxa4 25. Ra3 Bg5 26. Qf2 Nf8 27. Bxg5 Qxg5 28. Rah3 Qd2 29. Nf6+ Kd8 30. Nxd7 Nxd7 31. Rxh4 Rxh4 32. Rxh4 Kc7 33. c3 Nf6 34. Qe3 Qc2 35. Bf3 Rg8 36. Qe2 Qc1 37. Qxa6 Qg5 38. Qc6+ Kd8 39. Qxd6+ Kc8 40. Qxc5+ Kb8 41. Qf2 1-0

[Event "Wch Seniors 65 29th"]
[Site "Bucharest"]
[Date "2019.11.12"]
[Round "1"]
[White "Filzmaier, Bruno"]
[Black "Levi, Eddy"]
[Result "0-1"]
[WhiteElo "1712"]
[BlackElo "2080"]
[PlyCount "58"]
[EventDate "2019.11.12"]
[EventType "swiss"]
[EventRounds "11"]
[EventCountry "ROU"]
[SourceTitle "CBM 193 Extra"]
[Source "ChessBase"]
[SourceDate "2020.01.31"]
[SourceVersion "1"]
[SourceVersionDate "2020.01.31"]
[SourceQuality "1"]

1. a3 d5 2. e3 e5 3. d4 exd4 4. exd4 Nc6 5. Nf3 Nf6 6. c3 Bd6 7. Bd3 0-0 8. 0-0 Re8 9. Qc2 Bg4 10. Nbd2 Qd7 11. h3 Bh5 12. Bf5 Qd8 13. Ng5 h6 14. Nh7 Nxh7 15. Bxh7+ Kh8 16. Bd3 Qh4 17. Nb3 Nd8 18. Be3 b6 19. Rae1 Ne6 20. Bf5 Ng5 21. Bxg5 Qxg5 22. Bd7 Bf3 23. Rxe8+ Rxe8 24. Bg4 Bxg4 25. hxg4 Qxg4 26. g3 Re2 27. Qd3 Rxb2 28. Re1 Qg6 29. Qa6 Bxg3 0-1

[Event "Melbourne Australasian IM"]
[Site "Melbourne"]
[Date "2018.12.18"]
[Round "4"]
[White "Dale, Ari"]
[Black "Levi, Eddy"]
[Result "1-0"]
[WhiteElo "2371"]
[BlackElo "2049"]
[PlyCount "101"]
[EventDate "2018.12.15"]
[EventType "tourn"]
[EventRounds "9"]
[EventCountry "AUS"]
[EventCategory "1"]
[SourceTitle "CBM 187 Extra"]
[Source "ChessBase"]
[SourceDate "2018.11.04"]
[SourceVersion "1"]
[SourceVersionDate "2018.11.04"]
[SourceQuality "1"]

1. d4 d5 2. c4 Nc6 3. cxd5 Qxd5 4. e3 e5 5. Nc3 Bb4 6. a3 Bxc3+ 7. bxc3 Nf6 8. c4 Qd6 9. d5 Ne7 10. a4 e4 11. Ba3 Qe5 12. Ne2 c6 13. Qd4 Qxd4 14. Nxd4 cxd5 15. Nb5 Kd7 16. cxd5 Nexd5 17. 0-0-0 Rd8 18. Bc4 Kc6 19. Be7 Rd7 20. Bf8 g6 21. Rd4 a6 22. Bxd5+ Nxd5 23. Rc4+ Kb6 24. Bc5+ Ka5 25. Nd6 b6 26. Rd1 Bb7 27. Nxb7+ Rxb7 28. Rxd5 bxc5 29. Rdxc5+ Kb6 30. a5+ Ka7 31. Rxe4 Rab8 32. g4 Rb1+ 33. Kd2 R1b2+ 34. Rc2 Rd8+ 35. Rd4 Rdb8 36. Rf4 R2b7 37. Rf6 Rd8+ 38. Ke2 Rd5 39. Ra2 h5 40. h3 hxg4 41. hxg4 Rbd7 42. Ra4 Rb5 43. Kf3 Kb7 44. Kg3 g5 45. Rf5 Kc6 46. Rc4+ Kb7 47. Rcc5 Rxc5 48. Rxc5 f6 49. f4 Rd3 50. fxg5 fxg5 51. Kf3 1-0

[Event "Melbourne Australasian IM"]
[Site "Melbourne"]
[Date "2017.12.17"]
[Round "9"]
[White "Ang, Alphaeus Wei Ern"]
[Black "Levi, Eddy"]
[Result "1-0"]
[WhiteElo "2220"]
[BlackElo "2118"]
[PlyCount "49"]
[EventDate "2017.12.09"]
[EventType "tourn"]
[EventRounds "9"]
[EventCountry "AUS"]
[EventCategory "1"]
[SourceTitle "CBM 182 Extra"]
[Source "ChessBase"]
[SourceDate "2018.02.23"]
[SourceVersion "1"]
[SourceVersionDate "2018.02.23"]
[SourceQuality "1"]

1. d4 f5 2. Nc3 d5 3. Bg5 c6 4. e3 Qb6 5. a3 e5 6. Nf3 e4 7. Ne5 g6 8. b4 Nd7 9. Bf4 Bg7 10. Na4 Qd8 11. c4 Nxe5 12. dxe5 Be6 13. Nc5 Qe7 14. Rc1 Bf7 15. cxd5 Bxd5 16. Bc4 Rd8 17. Bxd5 Rxd5 18. Qa4 a6 19. Rd1 Rxd1+ 20. Qxd1 Nh6 21. Bg5 Qc7 22. Ne6 Qxe5 23. Qd8+ Kf7 24. Qe7+ Kg8 25. Qe8+ 1-0

[Event "Melbourne Australasian IM"]
[Site "Melbourne"]
[Date "2017.12.15"]
[Round "7"]
[White "Solomon, Stephen J"]
[Black "Levi, Eddy"]
[Result "1-0"]
[WhiteElo "2370"]
[BlackElo "2118"]
[PlyCount "101"]
[EventDate "2017.12.09"]
[EventType "tourn"]
[EventRounds "9"]
[EventCountry "AUS"]
[EventCategory "1"]
[SourceTitle "CBM 182 Extra"]
[Source "ChessBase"]
[SourceDate "2018.02.23"]
[SourceVersion "1"]
[SourceVersionDate "2018.02.23"]
[SourceQuality "1"]

1. e4 e5 2. Nf3 Nf6 3. d4 Nxe4 4. dxe5 d5 5. Nbd2 Nc5 6. Nb3 Bg4 7. c4 Nc6 8. cxd5 Nxe5 9. Be3 Nxb3 10. Qxb3 Bxf3 11. gxf3 Nxf3+ 12. Ke2 Ne5 13. Rg1 Bd6 14. f4 Nd7 15. Rxg7 Qe7 16. Bh3 0-0-0 17. Be6 Rhf8 18. Qa4 Bc5 19. Bxc5 Qxc5 20. Rxf7 Rxf7 21. Bxf7 Kb8 22. Rd1 Nf6 23. Be6 a6 24. Qd4 Qc2+ 25. Rd2 Qg6 26. Qe5 Qg2+ 27. Kd3 Qf3+ 28. Kd4 Nh5 29. Qe3 Qf1 30. Rf2 Qb1 31. a3 Nf6 32. Rd2 Qg6 33. Qd3 Qg7 34. Kc4 Qe7 35. Qd4 Rd6 36. Kb3 c6 37. f5 cxd5 38. Ka2 Ka8 39. Rc2 Rd8 40. Qb6 Rb8 41. h4 Qd8 42. Qd4 Qe7 43. Qe5 Rd8 44. Rc7 Qd6 45. Rc8+ Ka7 46. Qd4+ b6 47. Rc2 Rf8 48. Rg2 Qe7 49. Qe5 Kb7 50. Rd2 Rd8 51. Bxd5+ 1-0

[Event "Australian Masters IM"]
[Site "Melbourne"]
[Date "2016.12.12"]
[Round "3"]
[White "Levi, Eddy"]
[Black "Liu, Xiangyi"]
[Result "1/2-1/2"]
[WhiteElo "2152"]
[BlackElo "2431"]
[PlyCount "126"]
[EventDate "2016.12.10"]
[EventType "tourn"]
[EventRounds "9"]
[EventCountry "AUS"]
[SourceTitle "CBM 176 Extra"]
[Source "ChessBase"]
[SourceDate "2017.03.02"]
[SourceVersion "1"]
[SourceVersionDate "2017.03.02"]
[SourceQuality "1"]

1. e4 e6 2. d4 d5 3. e5 c5 4. c3 Nc6 5. Nf3 Qb6 6. Bd3 Bd7 7. dxc5 Bxc5 8. 0-0 a5 9. a4 Nge7 10. Na3 h6 11. Nb5 0-0 12. Bf4 f5 13. exf6 Rxf6 14. Bc7 Qa6 15. Nd6 Qa7 16. Nb5 Qa6 17. Nd6 b5 18. Nxb5 Raf8 19. Qe2 Qb7 20. Rae1 Ng6 21. Bxg6 Rxg6 22. Bg3 Rgf6 23. Ne5 Nxe5 24. Qxe5 Bxb5 25. axb5 Qxb5 26. Re2 Kh7 27. Rb1 Qd3 28. Ra1 R8f7 29. Ree1 Qg6 30. Bh4 Rf5 31. Qxe6 Qg4 32. Re5 h5 33. Rxf5 Rxf5 34. h3 Qe4 35. Qxe4 dxe4 36. Bg3 g5 37. h4 Kg6 38. Re1 gxh4 39. Bxh4 Rf4 40. Bg3 Rg4 41. Be5 Kf5 42. Bd4 Bxd4 43. cxd4 Rg5 44. f3 Kf6 45. fxe4 Rb5 46. Re2 Rb3 47. Rf2+ Ke6 48. Rf5 a4 49. Rxh5 Rxb2 50. d5+ Kd6 51. Rh6+ Ke5 52. Re6+ Kf4 53. Ra6 Rb4 54. d6 Kg3 55. Kf1 Rxe4 56. d7 Rd4 57. Ra7 Rd1+ 58. Ke2 Rd6 59. Ke3 a3 60. Ke4 a2 61. Ra3+ Kg4 62. Ke5 Rxd7 63. Rxa2 Kg3 1/2-1/2

[Event "Australian Masters IM"]
[Site "Melbourne"]
[Date "2016.12.11"]
[Round "2"]
[White "Yeoh, Li Tian"]
[Black "Levi, Eddy"]
[Result "1-0"]
[WhiteElo "2432"]
[BlackElo "2152"]
[PlyCount "77"]
[EventDate "2016.12.10"]
[EventType "tourn"]
[EventRounds "9"]
[EventCountry "AUS"]
[SourceTitle "CBM 176 Extra"]
[Source "ChessBase"]
[SourceDate "2017.03.02"]
[SourceVersion "1"]
[SourceVersionDate "2017.03.02"]
[SourceQuality "1"]

1. e4 e5 2. Nf3 Nf6 3. Nc3 Nc6 4. Bb5 Nd4 5. Bc4 Bc5 6. d3 c6 7. Nxd4 exd4 8. Ne2 d5 9. exd5 Nxd5 10. 0-0 Bg4 11. h3 Bh5 12. g4 Bg6 13. Nf4 Nxf4 14. Bxf4 0-0 15. Qf3 Bd6 16. Qg3 Bxf4 17. Qxf4 Qh4 18. Kg2 Rad8 19. Rae1 Kh8 20. Re5 f5 21. Qg3 Qxg3+ 22. Kxg3 Rc8 23. Be6 f4+ 24. Kf3 Rc7 25. Rfe1 c5 26. Bc4 h6 27. Re7 Rxe7 28. Rxe7 b5 29. Bxb5 Rb8 30. Bc4 Rxb2 31. Rxa7 Kh7 32. Ra8 h5 33. Kxf4 hxg4 34. Kg5 Rb6 35. hxg4 Rf6 36. Bg8+ Kh8 37. f4 c4 38. f5 Bxf5 39. gxf5 1-0

[Event "AUS-ch"]
[Site "Melbourne"]
[Date "2016.01.11"]
[Round "10"]
[White "Stojic, Dusan"]
[Black "Levi, Eddy"]
[Result "0-1"]
[WhiteElo "2181"]
[BlackElo "2191"]
[PlyCount "40"]
[EventDate "2016.01.02"]
[EventType "swiss"]
[EventRounds "11"]
[EventCountry "AUS"]
[SourceTitle "CBM 170 Extra"]
[Source "ChessBase"]
[SourceDate "2016.02.25"]
[SourceVersion "1"]
[SourceVersionDate "2016.02.25"]
[SourceQuality "1"]

1. c4 f5 2. Nf3 Nf6 3. g3 d6 4. d4 e6 5. Bg2 Be7 6. Nc3 0-0 7. 0-0 Qe8 8. Qc2 Qh5 9. e4 e5 10. dxe5 dxe5 11. exf5 Nc6 12. Nd5 Bxf5 13. Qb3 Bh3 14. Bxh3 Qxh3 15. Nxe7+ Nxe7 16. Nxe5 Nc6 17. Nf3 Nd4 18. Qd3 Ng4 19. Qxd4 Rxf3 20. Qd5+ Kh8 0-1

[Event "AUS-ch"]
[Site "Melbourne"]
[Date "2016.01.10"]
[Round "9"]
[White "Levi, Eddy"]
[Black "Hacche, David"]
[Result "1/2-1/2"]
[WhiteElo "2191"]
[BlackElo "2040"]
[PlyCount "60"]
[EventDate "2016.01.02"]
[EventType "swiss"]
[EventRounds "11"]
[EventCountry "AUS"]
[SourceTitle "CBM 170 Extra"]
[Source "ChessBase"]
[SourceDate "2016.02.25"]
[SourceVersion "1"]
[SourceVersionDate "2016.02.25"]
[SourceQuality "1"]

1. e4 c5 2. Nf3 Nc6 3. Bb5 g6 4. 0-0 Bg7 5. Re1 Nf6 6. e5 Nd5 7. Nc3 Nc7 8. Bxc6 dxc6 9. Ne4 Ne6 10. b3 0-0 11. Bb2 b6 12. c3 f5 13. exf6 exf6 14. Qc2 f5 15. Ng3 Qc7 16. Rad1 Nf4 17. d4 cxd4 18. cxd4 Be6 19. Ne5 Bd5 20. f3 Rfe8 21. Nf1 Rac8 22. Ne3 Be6 23. Rc1 c5 24. Nd3 Bxd4 25. Bxd4 Nxd3 26. Qxd3 Qd7 27. Nc2 Rcd8 28. Rcd1 cxd4 29. Qxd4 Qc8 30. Qf2 Rxd1 1/2-1/2

[Event "Australian Masters IM"]
[Site "Melbourne"]
[Date "2015.12.19"]
[Round "8"]
[White "Schon, Eugene"]
[Black "Levi, Eddy"]
[Result "1-0"]
[WhiteElo "2327"]
[BlackElo "2182"]
[PlyCount "105"]
[EventDate "2015.12.12"]
[EventType "tourn"]
[EventRounds "9"]
[EventCountry "AUS"]
[EventCategory "1"]
[SourceTitle "EXT 2017"]
[Source "ChessBase"]
[SourceDate "2016.10.25"]
[SourceVersion "1"]
[SourceVersionDate "2016.10.25"]
[SourceQuality "1"]

1. d4 Nf6 2. c4 c5 3. d5 e6 4. Nc3 exd5 5. cxd5 d6 6. e4 g6 7. f4 Bg7 8. Bb5+ Nfd7 9. Nf3 0-0 10. 0-0 a6 11. Bd3 b5 12. a3 Re8 13. Ne2 c4 14. Bc2 Nc5 15. Ng3 Bg4 16. Rb1 Nbd7 17. h3 Bxf3 18. Qxf3 Qc7 19. Be3 Rab8 20. Qf2 a5 21. Bd4 Bxd4 22. Qxd4 f6 23. Kh2 Re7 24. Rf3 Rbe8 25. Re1 Qb6 26. Rd1 Nb7 27. Qc3 Rc8 28. b4 Rce8 29. Rb1 a4 30. Rd1 Nd8 31. Rd4 Nf7 32. Qd2 Kh8 33. Rc3 Nc5 34. e5 Nd3 35. Re4 dxe5 36. Bxd3 cxd3 37. Rc6 Qd8 38. Qxd3 exf4 39. Rxf4 Ne5 40. Qxb5 Nxc6 41. Qxc6 Re3 42. d6 R3e6 43. Rd4 Kg7 44. Qxa4 Qb8 45. Qd7+ Kh8 46. b5 Qb6 47. Rd1 h5 48. Qc7 Qb8 49. b6 h4 50. Nf1 Rc8 51. d7 Rxc7 52. d8Q+ Kg7 53. Qxb8 1-0

[Event "Australian Masters IM"]
[Site "Melbourne"]
[Date "2015.12.13"]
[Round "2"]
[White "Levi, Eddy"]
[Black "Nguyen, Hoai Nam"]
[Result "1/2-1/2"]
[WhiteElo "2182"]
[BlackElo "2159"]
[PlyCount "90"]
[EventDate "2015.12.12"]
[EventType "tourn"]
[EventRounds "9"]
[EventCountry "AUS"]
[EventCategory "1"]
[SourceTitle "EXT 2017"]
[Source "ChessBase"]
[SourceDate "2016.10.25"]
[SourceVersion "1"]
[SourceVersionDate "2016.10.25"]
[SourceQuality "1"]

1. e4 c5 2. c3 d5 3. exd5 Qxd5 4. d4 g6 5. Be2 Bg7 6. Nf3 cxd4 7. cxd4 Nf6 8. Nc3 Qd8 9. 0-0 0-0 10. Bg5 Bf5 11. Qb3 Qb6 12. Qa3 Nc6 13. d5 Nb4 14. Be3 Nc2 15. Bxb6 Nxa3 16. Bc5 Nc2 17. Rac1 Ne4 18. Nxe4 Bxe4 19. Nd2 Bf5 20. g4 Rac8 21. b4 Bd7 22. Rxc2 b6 23. Nb3 bxc5 24. bxc5 Ba4 25. Ba6 Rc7 26. Rc4 Bxb3 27. axb3 g5 28. b4 Be5 29. Re4 f6 30. Rfe1 Rb8 31. R1e3 Kf8 32. Rd3 Rd7 33. Rc4 Rbd8 34. c6 Rc7 35. Rc2 Bd6 36. Rb2 Rb8 37. Bb7 Rbxb7 38. cxb7 Rxb7 39. b5 a6 40. Rdb3 axb5 41. Rxb5 Ra7 42. Kg2 Ra4 43. h3 Rd4 44. Re2 Kg7 45. Ra5 h5 1/2-1/2

[Event "AUS-ch"]
[Site "Melbourne"]
[Date "2014.01.08"]
[Round "8"]
[White "Levi, Eddy"]
[Black "Zelesco, Karl"]
[Result "0-1"]
[WhiteElo "2134"]
[BlackElo "2242"]
[PlyCount "73"]
[EventDate "2014.01.02"]
[EventType "swiss"]
[EventRounds "11"]
[EventCountry "AUS"]
[SourceTitle "CBM 158 Extra"]
[Source "ChessBase"]
[SourceDate "2014.02.28"]
[SourceVersion "1"]
[SourceVersionDate "2014.02.28"]
[SourceQuality "1"]

1. e4 e5 2. Nc3 Nf6 3. f4 d5 4. fxe5 Nxe4 5. Qe2 Nxc3 6. dxc3 Be7 7. Bf4 c5 8. 0-0-0 Nc6 9. Nf3 Be6 10. h4 h6 11. g3 Qd7 12. Bg2 0-0-0 13. c4 d4 14. Rhe1 Nb4 15. a3 d3 16. cxd3 Nxd3+ 17. Kb1 Bf5 18. Ka1 Qe6 19. Rh1 Qxc4 20. Rc1 Qa4 21. Rc3 Nb4 22. Rhc1 Rd3 23. Bh3 Bxh3 24. Rxd3 Nxd3 25. Qxd3 Rd8 26. Qc3 Bf5 27. Ne1 Rd1 28. e6 Rxc1+ 29. Bxc1 Bxe6 30. Kb1 Qe4+ 31. Ka1 Bf5 32. Ka2 Qb1+ 33. Kb3 Be6+ 34. Ka4 Qe4+ 35. b4 b5+ 36. Ka5 Bd8+ 37. Kxb5 0-1

[Event "AUS-ch"]
[Site "Melbourne"]
[Date "2014.01.05"]
[Round "6"]
[White "Brown, Andrew"]
[Black "Levi, Eddy"]
[Result "0-1"]
[WhiteElo "2259"]
[BlackElo "2134"]
[PlyCount "72"]
[EventDate "2014.01.02"]
[EventType "swiss"]
[EventRounds "11"]
[EventCountry "AUS"]
[SourceTitle "CBM 158 Extra"]
[Source "ChessBase"]
[SourceDate "2014.02.28"]
[SourceVersion "1"]
[SourceVersionDate "2014.02.28"]
[SourceQuality "1"]

1. e4 e5 2. Nc3 Nf6 3. f4 d5 4. fxe5 Nxe4 5. Nf3 Nc6 6. Bb5 Be7 7. 0-0 0-0 8. d4 Bg4 9. Qd3 Nb4 10. Qe2 c6 11. Ba4 f5 12. a3 Na6 13. Nd1 b5 14. Bb3 Nc7 15. Ne3 Ne6 16. c3 Bh5 17. a4 a6 18. axb5 axb5 19. Rxa8 Qxa8 20. Rd1 Kh8 21. Nc2 Qe8 22. Rf1 g5 23. Nb4 Bxb4 24. cxb4 Nxd4 25. Qd3 Ne6 26. Nd4 Bg6 27. Nxe6 Qxe6 28. Be3 f4 29. Bd4 Ng3 30. Qxg3 fxg3 31. Rxf8+ Kg7 32. Rd8 Qg4 33. Bc3 gxh2+ 34. Kxh2 Be4 35. Rd7+ Kh6 36. Rd6+ Kh5 0-1